1939 1885 1045 1843 1833 1504 1416 1290 1633 1706 1248 1962 1467 1768 1799 1491 1260 1234 1090 1888 1337 1473 1563 1370 1924 1254 1875 1360 1022 1209 1885 1559 1077 1449 1870 1091 1729 1960 1327 1489 1406 1423 1960 1622 1911 1803 1533 1939 1154 1779 1726 1230 1433 1747 1519 1011 1980 1205 1216 1920 1660 1922 1084 1803 1248 1263 1450 1429 1683 1645 1412 1127 1090 1329 1161 1433 1972 1013 1214 1295 1397 1437 1051 1732 1042 1938 1032 1846 1398 1428 1423 1380 1216 1451 1209 1895 1305 1453 1197 BCNSPRNW ULIB Ver.6.0+V

เปลี่ยนเป็นภาษาไทย

Change to English
 แสดงรายละเอียดบรรณานุกรม
  กลับหน้าหลัก

Brief Record : Get Marc (ISO 2709) : E-mail record : QR code < ปิดหน้าต่าง
LEADER : 00000nam 2200000uu 4500
001    13399122683
003     ULIB
008    130828s2013||||th 000 0 eng d
020    ^a9781455707362
060 00 ^aWY 20.5^bB967P
100 1  ^aBurns, Nancy
245 14 ^aThe practice of nursing research :^bappraisal, synthesis,and generation of evidence /^cNancy Burns, Susan K. Grove.
250    ^a 7th ed.
260    ^aSt. Louis, Mo. :^bSaunders/Elsevier,^cc2013.
300    ^axviii, 732 p. :^bill. (some col.) ;^c25 cm.
504    ^aIncludes bibliographical references and index.
650  0 ^aNursing^xResearch^xMethodology.
650  0 ^aEvidence-based nursing.
650  2 ^aNursing Research.
650  2 ^aEvidence-Based Medicine.
700 10 ^aGrove, Susan K.,^ejt. auth
945    ^p2950^l0^i033944
999    ^aเกษร โพธิ์สุวรรณ
รายการนี้ยังไม่มีแท็ก
คุณยังไม่ได้ล็อกอิน คุณสามารถมีกิจกรรมร่วมกับเว็บไซต์ได้ แต่ต้องล็อกอินก่อน ::
  ล็อกอิน

รายการสื่อสารสนเทศ

ลำดับที่ ประเภท เลขเรียก/บาร์โค้ด สถานที่ สถานะ
1. Book การพยาบาล
Book การพยาบาล
WY 20.5 B967P  
  Barcode: 033944
ห้องสมุดวิทยาเขตสวรรค์ประชารักษ์
►หนังสือทั่วไป
บนชั้น

รายการใกล้เคียง
    ผู้แต่ง [Burns, Nancy]

    หัวเรื่อง [Evidence-based nursing.]
    หัวเรื่อง [Nursing Research.]
    หัวเรื่อง [Evidence-Based Medicine.]

BibComment


ยังไม่เคยถูกคอมเมนท์

คอมเมนท์ทรัพยากรรายการนี้
  คอมเมนท์: The practice of ..


 Copyright 2026. Bcnsprnw @Library